| 000 | 00606nam a2200181Ia 4500 | ||
|---|---|---|---|
| 008 | 090630s9999 xx 000 0 und d | ||
| 082 | _b162 | ||
| 100 | _aराहिरकर गो. श. | ||
| 245 |
_aअवतारांचा कळस. _cराहिरकर गो. श. |
||
| 260 |
_bगोळे व. ह. _c1970 |
||
| 300 | _a259 | ||
| 600 | _aराहिरकर गो. श. | ||
| 630 | _aअवतारांचा कळस. | ||
| 655 | _aचरित्र. | ||
| 700 | _aराहिरकर गो. श. | ||
| 730 | _aअवतारांचा कळस. | ||
| 942 | _cBOOK | ||
| 999 |
_c252018 _d252018 |
||